عقبة بن نافع / (رقم التسجيلة. 32415)
[ عرض عادي ]
| 000 -LEADER | |
|---|---|
| fixed length control field | 00613nam a22001937a 4500 |
| 005 - DATE AND TIME OF LATEST TRANSACTION | |
| control field | 20251108165830.0 |
| 008 - FIXED-LENGTH DATA ELEMENTS--GENERAL INFORMATION | |
| fixed length control field | 250721s1978 xx 000 0 ara d |
| 082 14 - DEWEY DECIMAL CLASSIFICATION NUMBER | |
| Classification number | ط/923.5/دند |
| 100 1# - MAIN ENTRY--PERSONAL NAME | |
| Personal name | دندشي، محمد محمود |
| 245 10 - TITLE STATEMENT | |
| Title | عقبة بن نافع / |
| 264 1# - PRODUCTION, PUBLICATION, DISTRIBUTION, MANUFACTURE, AND COPYRIGHT NOTICE | |
| Place of production, publication, distribution, manufacture | طرابلس ( لبنان ) : |
| Name of producer, publisher, distributor, manufacturer | دار الشمال للطباعة و النشر و التوزيع، |
| Date of production, publication, distribution, manufacture, or copyright notice | 1978. |
| 300 ## - PHYSICAL DESCRIPTION | |
| Extent | 54ص. |
| 490 0# - SERIES STATEMENT | |
| Series statement | عظماء العرب |
| 650 17 - SUBJECT ADDED ENTRY--TOPICAL TERM | |
| Topical term or geographic name as entry element | التراجم |
| 650 17 - SUBJECT ADDED ENTRY--TOPICAL TERM | |
| Topical term or geographic name as entry element | العهد الأموي |
| 653 ## - INDEX TERM--UNCONTROLLED | |
| Uncontrolled term | ناشئون صغار (10-14) سنة |
| 942 ## - ADDED ENTRY ELEMENTS (KOHA) | |
| Source of classification or shelving scheme | Dewey Decimal Classification |
| Koha item type | كتب |
| حالة السحب | حالة الفقدان | مصدر التصنيف | حالة التلف | غير قابل للإعارة | المكتبة الرئيسية | المكتبة الحالية | موقع الرف | تاريخ التزويد | الرقم المتسلسل | Total Checkouts | رقم الإستدعاء | تاريخ آخر ظهور | تاريخ الفاتورة | نوع المادة (كوها) | الباركود |
|---|---|---|---|---|---|---|---|---|---|---|---|---|---|---|---|
| Dewey Decimal Classification | المكتبة المركزية | المكتبة المركزية | مقتنيات قسم التزويد | 28/07/2025 | 1740949 | ط/923.5/دند | 28/07/2025 | 28/07/2025 | كتب | ||||||
| Dewey Decimal Classification | Unchecked | مكتبة أبو علندا العامة | مكتبة أبو علندا العامة | الأطفال | 06/07/2004 | 2289 | ط/923.5/دند | 28/07/2025 | 06/07/2004 | كتب | |||||
| Dewey Decimal Classification | Unchecked | مكتبة الجويدة | مكتبة الجويدة | الأطفال | 06/07/2004 | 1211 | ط/923.5/دند | 28/07/2025 | 06/07/2004 | كتب | |||||
| Dewey Decimal Classification | مكتبة الحسن العامة | مكتبة الحسن العامة | الأطفال | 09/04/2019 | [2300]... | ط/923.5/دند | 28/07/2025 | 09/04/2019 | كتب | PLD00449177 | |||||
| Dewey Decimal Classification | مكتبة الحسن العامة | مكتبة الحسن العامة | الأطفال | 09/04/2019 | [3123].. | ط/923.5/دند | 28/07/2025 | 09/04/2019 | كتب | PLD00449180 | |||||
| Dewey Decimal Classification | Unchecked | مكتبة الراية الهاشمية للأطفال | مكتبة الراية الهاشمية للأطفال | الإعارة | 06/07/2004 | 295810 | ط/923.5/دند | 28/07/2025 | 06/07/2004 | كتب | |||||
| Dewey Decimal Classification | مكتبة بدر للأطفال | مكتبة بدر للأطفال | الأطفال | 23/08/2022 | 268663 | ط/923.5/دند | 28/07/2025 | 23/08/2022 | كتب | PLD00500031 | |||||
| Dewey Decimal Classification | مكتبةمؤتة | مكتبةمؤتة | الأطفال | 13/06/2014 | ( 304 ) | ط/923.5/دند | 28/07/2025 | 13/06/2014 | كتب | PLD00328099 |